00472nam a2200169Ia 4500008004100000040001900041041001200060082002500072100001400097245005500111260003400166300002400200650001700224651001900241700002400260850001800284131103s9999 xx 000 0 und d aLoreto College aEnglish a241/HOLbLCLIB/12775 aHoll, R F aOn fire with christcR F Holl & Sodality Modegator aOhiobXavier Universityc1953 axiii,106p. c 24cm. aChristianity aMoral theology aModegator, Sodality aLCLIB/241/HOL